000 00600nam a2200193Ia 4500
003 IN-BaIIA
008 211028s9999 xx 000 0 eng d
040 _cIIA Library
080 _a621.3.011.7
_bBAL
100 _aBalabanian, Norman
_96172
245 0 _aElectrical network theory
_cNorman Balabanian and Theodore A. Bickart
260 _aNew York
_bWiley
_c1969
300 _axix, 931p.
650 _aElectrical engineering
_91774
650 _aElectrical network
_96173
650 _aNASA Thesaurus
700 _aBickart, Theodore A.
_96174
942 _cBK
999 _c3489
_d3489